000 00865nam a22002297a 4500
005 20191224042251.0
008 160513b xxu||||| |||| 00| 0 spa d
040 _aCO-BoIAVH
_cCO-BoIAVH
041 _aspa
044 _ack
090 _aMC-
_b0204
110 1 _aEmpresa Colombia de petróleos distrito de Oleoductos
_968051
245 _aMapa de presiones por demanda forestal ;
_bProyecto: Estudio socioeconomico y evaluación fisico espacial para la delimitación de la reserva forestal protectora serrania de las quinchas
_h[Material Cartografico]
255 _a1:50.000
260 _aBogotá ;
_bEcopetrol
_c1996
300 _a1 mapa ;
_bcolor.
_c91 x 79 cm
650 1 6 _aGeografía
_zMunicipio La Belleza
_970907
650 1 6 _aHidrografía
_95361
651 _aVereda de los Valles
_zColombia
_970909
710 1 _aBiocolombia
_965559
942 _2z
_cMapa
999 _c18546
_d18546